1075 1979 1633 1408 1233 1526 1190 1377 1317 1391 1578 1977 1493 1374 1518 1402 1879 1966 1814 1539 1986 1351 1879 1845 1162 1774 1456 1827 1505 1417 1225 1617 1199 1614 1957 1059 1218 1117 1137 1292 1198 1038 1817 1603 1066 1345 1840 1395 1545 1051 1162 1442 1520 1477 1522 1957 1837 1376 1861 1975 2000 1219 1282 1878 1623 1327 1039 1166 1329 1216 1413 1573 1168 1903 1928 1957 1196 1766 1789 1305 1572 1197 1401 1170 1006 1583 1559 1669 1104 1756 1448 1959 1888 1123 1368 1088 1059 1551 1650 BCNSPRNW ULIB Ver.6.0+V

เปลี่ยนเป็นภาษาไทย

Change to English
 แสดงรายละเอียดบรรณานุกรม
  กลับหน้าหลัก

Brief Record : Get Marc (ISO 2709) : E-mail record : QR code < ปิดหน้าต่าง
LEADER : 00000nam 2200000uu 4500
001    13399123415
003     ULIB
008    140912s2556||||th 000 0 tha d
020    ^a9786162791666
060  4 ^aWO200^bก453
100 0  ^aศิริวรรณ จิรสิริธรรม,^eบรรณาธิการ
245 00 ^aการเตรียมตัวก่อนการดมยาสลบ /^cบรรณาธิการ ศิริวรรณ เจิรสิริธรรม
246 14 ^aคู่มือความรู้ภาคประชาชนเรื่องการเตรียมตัวก่อนการดมยาสลบ
250    ^aพิมพ์ครั้งที่ 1
260    ^aกรุงเทพฯ :^bคณะแพทยศาสตร์โรงพยาบาลรามาธิบดี มหาวิทยาลัยมหิดล,^c2556
300    ^a168 หน้า :^bภาพประกอบ
505 0  ^aบทที่ 1 ความสำคัญของการดมยาสลบ--บทที่ 2 การงดอาหารและน้ำก่อนการดมยาสลบและผ่าตัด: เมื่อไร อย่างไร และทำไม--บทที่ 3 การประเมินและเตรียมผู้ป่วยก่อนการดมยาสลบ : การตรวจร่างกาย--บทที่ 4 การประเมินและเจรียมผู้ป่วยก่อนการดมยาสลบ: การตรวจทางห้องปฏิบัติการและการตรวจพิเศษ--บทที่ 6 ชนิดของผู้ป่วยที่มารับการดมยาสลบ : ผู้ป่วยนอก ผู้ป่วยใน--บทที่ 7 การให้ยาก่อนการดมยาสลบ: ผู้ป่วยผู้ใหญ่ ผู้ป่วยเด็ก--บทที่ 8 การบริการวิสัญญี : อุปกรณ์การดมยาสลบ--บทที่ 9 ชนิดและวิธีระงับความรู้สึก--บทที่ 10 การระงับความปวดหลังผ่าตัดและการรักษาผลข้างเคียงจากยาระงับปวด--บทที่ 11 การดูแลรักษาและการปฏิบัติตนหลังการดมยาสลบและผ่าตัด
650  7 ^aการระงับความรู้สึก
650  7 ^aยาระงับความรู้สึก
650  7 ^aวิสัญญีวิทยา
710 1  มหาวิทยาลัยมหิดล.^bคณะแพทยศาสตร์โรงพยาบาลรามาธิบดี.^bโครงการตำรารามาธิบดี.
945    ^p150^l0^i20508
945    ^p150^l0^i20509
999    ^aทศพร เกษรทอง
รายการนี้ยังไม่มีแท็ก
คุณยังไม่ได้ล็อกอิน คุณสามารถมีกิจกรรมร่วมกับเว็บไซต์ได้ แต่ต้องล็อกอินก่อน ::
  ล็อกอิน

รายการสื่อสารสนเทศ

ลำดับที่ ประเภท เลขเรียก/บาร์โค้ด สถานที่ สถานะ
1. วิทยาศาสตร์การแพทย์ และสุขภาพ
วิทยาศาสตร์การแพทย์ และสุขภาพ
สถานะ=หนังสือเก่า
WO200 ก453 ฉ.1 
  Barcode: 20508
ห้องสมุดวิทยาเขตนครสวรรค์
►ส่วนจัดเก็บหนังสือเก่า นว.
บนชั้น
  ขอยืม
2. วิทยาศาสตร์การแพทย์ และสุขภาพ
วิทยาศาสตร์การแพทย์ และสุขภาพ
สถานะ=หนังสือเก่า
WO200 ก453 ฉ.2 
  Barcode: 20509
ห้องสมุดวิทยาเขตนครสวรรค์
►ส่วนจัดเก็บหนังสือเก่า นว.
บนชั้น
  ขอยืม

รายการใกล้เคียง
    หัวเรื่อง [การระงับความรู้สึก]
    หัวเรื่อง [ยาระงับความรู้สึก]
    หัวเรื่อง [วิสัญญีวิทยา]

BibComment


ยังไม่เคยถูกคอมเมนท์

คอมเมนท์ทรัพยากรรายการนี้
  คอมเมนท์: การเตรียมตัวก่อน..


 Copyright 2026. Bcnsprnw @Library